[Event "SV Wattenscheid 2 - SV Erkenschwick 1"]
[Site "Oberliga NRW 2012/2013"]
[Date "2012.10.21"]
[Round "2.4"]
[White "Straeter, Timo"]
[Black "van Beek, Alexander"]
[Result "0-1"]
[WhiteElo "2350"]
[BlackElo "2261"]
[PlyCount "92"]
[EventDate "2012.??.??"]
[WhiteTeam "SV Wattenscheid 2"]
[BlackTeam "SV Erkenschwick 1"]

1. d4 d5 2. c4 e6 3. Nf3 Nf6 4. e3 Be7 5. Bd3 O-O 6. O-O dxc4 7. Bxc4 b6 8. Qe2
Bb7 9. Nc3 c5 10. dxc5 Bxc5 11. e4 Nbd7 12. Bf4 Nh5 13. Bg5 Qc7 14. Nb5 Qb8 15.
Rad1 Ne5 16. Bb3 Nxf3+ 17. Qxf3 Qe5 18. Qxh5 h6 19. Nc3 Qxg5 20. Qe2 Rfd8 21.
Na4 Bd4 22. Bc2 Qa5 23. Qd2 Qxd2 24. Rxd2 Rac8 25. Nc3 Bxc3 26. Rxd8+ Rxd8 27.
bxc3 Rc8 28. f3 Rxc3 29. Bb3 Kf8 30. Rd1 Ke7 31. e5 g5 32. h4 gxh4 33. Kh2 Rc5
34. Re1 b5 35. Kh3 a5 36. Re2 a4 37. Bc2 Bd5 38. Bd3 Bc4 39. Rc2 Kd7 40. Kxh4
Kc6 41. Be4+ Bd5 42. Bxd5+ Kxd5 43. Re2 b4 44. Kh5 b3 45. axb3 axb3 46. Re1 b2
0-1

[Event "SV Wattenscheid 2 - SV Erkenschwick 1"]
[Site "Oberliga NRW 2012/2013"]
[Date "2012.10.21"]
[Round "2.5"]
[White "Homs, Guust"]
[Black "Franke, Johannes"]
[Result "1-0"]
[WhiteElo "2159"]
[BlackElo "2309"]
[Annotator "Doe,John"]
[PlyCount "81"]
[EventDate "2012.??.??"]
[WhiteTeam "SV Erkenschwick 1"]
[BlackTeam "SV Wattenscheid 2"]

1. e4 c6 2. d4 d5 3. exd5 cxd5 4. c4 Nf6 5. Nc3 g6 6. Nf3 Bg7 7. Qb3 O-O 8.
cxd5 Nbd7 9. d6 exd6 10. Be2 Nb6 11. Bg5 Be6 12. d5 Nbxd5 13. Nxd5 Bxd5 14.
Bxf6 Qxf6 15. Qxd5 Qxb2 16. Rd1 Rfe8 17. Ng1 Rac8 18. Qb3 Qe5 19. h4 Qe4 20.
Kf1 Rc3 21. Bf3 Rxb3 22. Bxe4 Rb2 23. Bd5 Bd4 24. Nh3 Bc5 25. Kg1 h6 26. Kh2
Ree2 27. Nf4 Red2 28. Nd3 Rbc2 $11 29. Bb3 Rxd1 30. Rxd1 Re2 31. Nxc5 dxc5 32.
Rd7 Rxf2 33. Rxb7 a5 34. Kg3 Rf5 35. Ra7 c4 36. Bxc4 g5 37. hxg5 hxg5 38. Bb3
Kg7 39. Kg4 Rf2 40. Rxf7+ Rxf7 41. Bxf7 1-0

[Event "SV Wattenscheid 2 - SV Erkenschwick 1"]
[Site "Oberliga NRW 2012/2013"]
[Date "2012.10.21"]
[Round "2.6"]
[White "Hirsch, Stefan"]
[Black "Eggenstein, Frank"]
[Result "1-0"]
[WhiteElo "2168"]
[BlackElo "1989"]
[PlyCount "79"]
[EventDate "2012.??.??"]
[WhiteTeam "SV Wattenscheid 2"]
[BlackTeam "SV Erkenschwick 1"]

1. e4 e6 2. d4 d5 3. e5 c5 4. c3 Nc6 5. Nf3 Bd7 6. Na3 f6 7. Bd3 a6 8. O-O c4
9. Bb1 Qc7 10. Re1 O-O-O 11. b3 Na5 12. b4 Nc6 13. b5 Nb8 14. bxa6 bxa6 15. Nc2
Qa5 16. Bd2 Nc6 17. a3 Nge7 18. Nb4 Re8 19. Bc2 Ng6 20. Qb1 fxe5 21. dxe5 Bc5
22. Bxg6 hxg6 23. Be3 Bxe3 24. Rxe3 Ne7 25. Re2 Kc7 26. Rb2 Rb8 27. Nd4 Rhc8
28. Qd1 Nf5 29. h3 Rh8 30. Rab1 Nxd4 31. Qxd4 Bb5 32. Qg4 Qxa3 33. Qxe6 Rbd8
34. Qe7+ Kc8 35. Qc5+ Kd7 36. Qd4 Ke6 37. Ra2 Qb3 38. Rxb3 cxb3 39. Rb2 Bc4 40.
Nxa6 1-0

[Event "SV Wattenscheid 2 - SV Erkenschwick 1"]
[Site "Oberliga NRW 2012/2013"]
[Date "2012.10.21"]
[Round "2.7"]
[White "Strozewski, Frank"]
[Black "Schroeder, Wilfried"]
[Result "0-1"]
[WhiteElo "1980"]
[BlackElo "2044"]
[PlyCount "134"]
[EventDate "2012.??.??"]
[WhiteTeam "SV Erkenschwick 1"]
[BlackTeam "SV Wattenscheid 2"]

1. c4 e6 2. d4 d5 3. Nc3 c6 4. Bf4 dxc4 5. e3 b5 6. Qf3 Qb6 7. a4 Ba6 8. Qg3
Nf6 9. Bd6 Nh5 10. Qg5 Bxd6 11. Qxh5 Nd7 12. Nf3 Nf6 13. Qg5 O-O 14. Nd2 h6 15.
Qh4 e5 16. axb5 cxb5 17. d5 Be7 18. Qg3 e4 19. Be2 Bb7 20. O-O Nxd5 21. Ndxe4
Rfd8 22. Bf3 Nf6 23. Qe5 Nxe4 24. Qxe7 Re8 25. Qd7 Bc6 26. Qd4 Qb7 27. Rfd1
Nxc3 28. Bxc6 Ne2+ 29. Kf1 Qxc6 30. Kxe2 a5 31. Qd5 Rec8 32. Qxc6 Rxc6 33. Rd5
Rb6 34. Kd2 Kf8 35. Kc3 Ke7 36. Rad1 Ra7 37. R1d4 Rc7 38. Kc2 a4 39. Re4+ Kf6
40. Ree5 b4 41. Rf5+ Kg6 42. Rb5 Ra6 43. Rfd5 c3 44. Rxb4 cxb2+ 45. Kxb2 a3+
46. Ka1 Rc2 47. Rg4+ Kh7 48. Rf4 a2 49. Rd1 f6 50. h4 Rb6 51. Ra4 Rbb2 52. Rf1
Rxf2 53. Rxf2 Rxf2 54. g4 h5 55. gxh5 Kh6 56. Rg4 Kxh5 57. Rxg7 Kxh4 58. e4 Kh5
59. Rg8 Re2 60. Rg7 Rxe4 61. Kxa2 Rb4 62. Ka3 Rb8 63. Rg2 f5 64. Ka2 f4 65. Rg7
f3 66. Rf7 Kg4 67. Ka3 Kg3 0-1

[Event "SV Wattenscheid 2 - SV Erkenschwick 1"]
[Site "Oberliga NRW 2012/2013"]
[Date "2012.10.21"]
[Round "2.8"]
[White "Henrichs, Wenke"]
[Black "Broksch, Dirk"]
[Result "1/2-1/2"]
[WhiteElo "2007"]
[BlackElo "1783"]
[PlyCount "104"]
[EventDate "2012.??.??"]
[WhiteTeam "SV Wattenscheid 2"]
[BlackTeam "SV Erkenschwick 1"]

1. d4 Nf6 2. c4 e6 3. Nc3 d5 4. cxd5 exd5 5. Bg5 c6 6. e3 Be7 7. Qc2 h6 8. Bf4
Nh5 9. Be5 Nd7 10. Nf3 Nhf6 11. h3 Nb6 12. Bd3 Bd6 13. Bxd6 Qxd6 14. O-O Be6
15. Ne5 O-O 16. f4 Rad8 17. Rae1 Bc8 18. Qf2 Nfd7 19. Qg3 f5 20. Kh1 Nf6 21.
Qf3 Ne4 22. Rg1 Kh7 23. g4 g6 24. gxf5 gxf5 25. Rg2 Qf6 26. Reg1 Rg8 27. Qh5
Rxg2 28. Rxg2 Rg8 29. Rxg8 Kxg8 30. Kg2 Qg7+ 31. Qg6 Qxg6+ 32. Nxg6 Kf7 33.
Ne5+ Kf6 34. Bxe4 dxe4 35. Kf2 Be6 36. a3 Bb3 37. Ke2 Bc4+ 38. Kd2 Bf1 39. h4
Nc4+ 40. Nxc4 Bxc4 41. Ke1 Bb3 42. Ne2 Ke7 43. Ng3 Be6 44. Kd2 Kd6 45. Kc3 Ke7
46. Kb4 b6 47. Kc3 Kf6 48. a4 Bc8 49. b4 Ba6 50. a5 Bd3 51. Kd2 Bc4 52. Kc3 Bd3
1/2-1/2

[Event "Aachener SV 1 - SV Mülheim-Nord 2"]
[Site "Oberliga NRW 2012/2013"]
[Date "2012.11.18"]
[Round "3.1"]
[White "Rezasade, Amir"]
[Black "Koch, Thomas"]
[Result "0-1"]
[WhiteElo "2302"]
[BlackElo "2382"]
[Annotator "Doe,John"]
[PlyCount "82"]
[EventDate "2012.??.??"]
[WhiteTeam "SV Mülheim-Nord 2"]
[BlackTeam "Aachener SV 1"]

1. Nf3 Nf6 2. c4 c5 3. Nc3 e6 4. g3 b6 5. Bg2 Bb7 6. O-O Be7 7. Re1 O-O 8. e4
d6 9. d4 cxd4 10. Nxd4 Qc7 11. Be3 Nc6 12. Ndb5 Qb8 13. Rc1 Ne5 14. b3 Rd8 15.
h3 a6 16. Nd4 Bf8 17. Qe2 Ned7 18. f4 Nc5 19. Bf2 e5 20. Nc2 exf4 21. gxf4 Re8
22. Bxc5 bxc5 23. Qd3 Nh5 24. Qf3 g6 25. Ne3 Qd8 26. Ned5 Bg7 27. Rf1 Kh8 28.
Rce1 Bd4+ 29. Kh2 Rb8 30. Ne2 Bg7 31. Rd1 $11 Qa5 32. a4 Bxd5 33. cxd5 Qb4 34.
Rd3 c4 35. bxc4 Qxc4 36. Rc1 Qxa4 37. Ra3 Qb5 38. Rc6 Rb6 39. Nc3 Qb4 40. Na2
Qb2 41. Rxb6 Qxb6 0-1

[Event "Aachener SV 1 - SV Mülheim-Nord 2"]
[Site "Oberliga NRW 2012/2013"]
[Date "2012.11.18"]
[Round "3.2"]
[White "Sonntag, Hans-Hubert"]
[Black "Schoorl, Rob"]
[Result "1/2-1/2"]
[WhiteElo "2339"]
[BlackElo "2356"]
[Annotator "Doe,John"]
[PlyCount "80"]
[EventDate "2012.??.??"]
[WhiteTeam "Aachener SV 1"]
[BlackTeam "SV Mülheim-Nord 2"]

1. e4 e5 2. Nf3 Nc6 3. Bb5 a6 4. Ba4 Nf6 5. O-O b5 6. Bb3 Bb7 7. d3 Bd6 8. a4
h6 9. Nc3 b4 10. Ne2 Na5 11. Ba2 O-O 12. Ng3 Re8 13. Nd2 Bf8 14. Nc4 Nxc4 15.
Bxc4 d5 16. exd5 Bxd5 17. Bxd5 Qxd5 18. b3 Bc5 19. Be3 Rad8 20. Re1 Bd4 21.
Bxd4 exd4 22. Qd2 $11 Qc5 23. h3 Qc3 24. Rxe8+ Rxe8 25. Rd1 Qxd2 26. Rxd2 Re1+
27. Kh2 g6 28. Re2 Rc1 29. Ne4 Nxe4 30. Rxe4 Rxc2 31. Rxd4 a5 32. Rd5 Rc3 33.
Rxa5 Rxd3 34. Ra8+ Kg7 35. Rc8 Rxb3 36. Rxc7 Ra3 37. Ra7 Kf6 38. a5 Ke6 39. Rb7
b3 40. Rb5 b2 1/2-1/2

[Event "Aachener SV 1 - SV Mülheim-Nord 2"]
[Site "Oberliga NRW 2012/2013"]
[Date "2012.11.18"]
[Round "3.3"]
[White "Hausrath, Daniel"]
[Black "Klein, Felix"]
[Result "1-0"]
[WhiteElo "2448"]
[BlackElo "2284"]
[PlyCount "77"]
[EventDate "2012.??.??"]
[WhiteTeam "SV Mülheim-Nord 2"]
[BlackTeam "Aachener SV 1"]

1. c4 e6 2. g3 d5 3. Bg2 dxc4 4. Na3 Nf6 5. Nxc4 c5 6. Nf3 Nc6 7. O-O Be7 8. b3
O-O 9. Bb2 Nd5 10. d4 b5 11. Nce5 Nxe5 12. Nxe5 Bb7 13. dxc5 Bxc5 14. Rc1 Rc8
15. Nd3 Be7 16. Rxc8 Qxc8 17. Qa1 f6 18. Rc1 Qd7 19. Bd4 Nb6 20. Bxb6 axb6 21.
Bxb7 Qxb7 22. Qc3 Ra8 23. Rc2 Kf7 24. Qd4 Rd8 25. Qh4 Kg8 26. Qf4 Bc5 27. b4
Bd6 28. Qe3 Kf7 29. f3 Rd7 30. Kg2 Rd8 31. Qd4 Rd7 32. Qh4 Kg6 33. Qg4+ Kf7 34.
Qh5+ Kf8 35. Qxh7 e5 36. Rc8+ Kf7 37. Qh5+ Ke6 38. Rg8 Qd5 39. Qg4+ 1-0

[Event "Aachener SV 1 - SV Mülheim-Nord 2"]
[Site "Oberliga NRW 2012/2013"]
[Date "2012.11.18"]
[Round "3.4"]
[White "Coenen, Norbert"]
[Black "Driessens, Patrick"]
[Result "1-0"]
[WhiteElo "2259"]
[BlackElo "2347"]
[PlyCount "67"]
[EventDate "2012.??.??"]
[WhiteTeam "Aachener SV 1"]
[BlackTeam "SV Mülheim-Nord 2"]

1. e4 e6 2. d4 d5 3. Nd2 b6 4. Ngf3 Nf6 5. Bd3 Ba6 6. Bxa6 Nxa6 7. c3 Nb8 8.
exd5 exd5 9. O-O Be7 10. Ne5 O-O 11. Ndf3 Nfd7 12. Bf4 c6 13. Re1 f6 14. Nd3
Rf7 15. Qa4 Qc8 16. Re2 Qb7 17. Rae1 Nf8 18. Bg3 Ng6 19. Nh4 Nxh4 20. Bxh4 a5
21. Re6 Bf8 22. Bg3 Re7 23. Rxe7 Bxe7 24. Qd1 Bf8 25. Qe2 Nd7 26. Qe6+ Kh8 27.
h4 b5 28. h5 Nb6 29. Nc5 Qc8 30. Qf7 Bxc5 31. dxc5 Na4 32. h6 Qg8 33. Qb7 gxh6
34. Qxc6 1-0

[Event "Aachener SV 1 - SV Mülheim-Nord 2"]
[Site "Oberliga NRW 2012/2013"]
[Date "2012.11.18"]
[Round "3.5"]
[White "Peerlings, Camiel"]
[Black "Begnis, Nikolaos"]
[Result "0-1"]
[WhiteElo "2237"]
[BlackElo "2243"]
[PlyCount "58"]
[EventDate "2012.??.??"]
[WhiteTeam "SV Mülheim-Nord 2"]
[BlackTeam "Aachener SV 1"]

1. e4 c5 2. Nf3 Nc6 3. d4 cxd4 4. Nxd4 Nf6 5. Nc3 d6 6. Bg5 e6 7. Qd2 Be7 8.
O-O-O O-O 9. Bxf6 Bxf6 10. Nb3 Qb6 11. Na4 Qc7 12. f4 Rd8 13. g4 Bd7 14. g5 Be7
15. Nc3 a6 16. h4 b5 17. Bh3 b4 18. Ne2 a5 19. f5 a4 20. Nbd4 b3 21. axb3 axb3
22. Nxb3 Rdb8 23. Nc3 Rxb3 24. cxb3 Ra1+ 25. Nb1 Nb4+ 26. Qc3 Na2+ 27. Kd2 Nxc3
28. Nxc3 Rxd1+ 29. Kxd1 Qa7 0-1

[Event "Aachener SV 1 - SV Mülheim-Nord 2"]
[Site "Oberliga NRW 2012/2013"]
[Date "2012.11.18"]
[Round "3.7"]
[White "Winkels, Marcel"]
[Black "Titgemeyer, Sven"]
[Result "0-1"]
[WhiteElo "1981"]
[BlackElo "1963"]
[PlyCount "56"]
[EventDate "2012.??.??"]
[WhiteTeam "SV Mülheim-Nord 2"]
[BlackTeam "Aachener SV 1"]

1. e4 e5 2. Nf3 Nc6 3. d4 exd4 4. Nxd4 Bc5 5. Be3 Qf6 6. c3 Nge7 7. Bc4 b6 8.
O-O Bb7 9. Nb5 O-O-O 10. Bxc5 bxc5 11. Qa4 d5 12. Be2 Kb8 13. Nd2 Nc8 14. Rad1
d4 15. Nb1 h5 16. f4 g5 17. e5 Qe7 18. cxd4 cxd4 19. Qa3 Qe8 20. Qc5 gxf4 21.
Rxf4 d3 22. Rxd3 Rxd3 23. Bxd3 Qxe5 24. Qxe5 Nxe5 25. Bf1 Rg8 26. Nd2 Ne7 27.
Ne4 N5g6 28. Nf6 Nxf4 0-1

[Event "Aachener SV 1 - SV Mülheim-Nord 2"]
[Site "Oberliga NRW 2012/2013"]
[Date "2012.11.18"]
[Round "3.8"]
[White "Rache, Ralf"]
[Black "Krueger, Andre"]
[Result "1/2-1/2"]
[WhiteElo "1955"]
[BlackElo "2106"]
[PlyCount "53"]
[EventDate "2012.??.??"]
[WhiteTeam "Aachener SV 1"]
[BlackTeam "SV Mülheim-Nord 2"]

1. e4 c5 2. Nf3 e6 3. d4 cxd4 4. Nxd4 Nf6 5. Nc3 Nc6 6. Ndb5 Bb4 7. Nd6+ Ke7 8.
Nxc8+ Rxc8 9. Bd3 d5 10. exd5 Nxd5 11. O-O Nxc3 12. bxc3 Bd6 13. Qg4 Kf8 14. f4
h5 15. Qe2 g6 16. Rb1 Rc7 17. Bb2 Be7 18. Rbd1 Rd7 19. Ba1 Bf6 20. Be4 Rxd1 21.
Rxd1 Qc7 22. Qf2 Qa5 23. c4 Bxa1 24. Rxa1 Kg7 25. Bxc6 bxc6 26. Qd4+ Kh7 27.
Rd1 1/2-1/2

[Event "SF Katernberg 2 - SV Wattenscheid 2"]
[Site "Oberliga NRW 2012/2013"]
[Date "2012.11.18"]
[Round "3.1"]
[White "Mladenov, Svetlin"]
[Black "Kotainy, Jens"]
[Result "1/2-1/2"]
[WhiteElo "2348"]
[BlackElo "2405"]
[PlyCount "119"]
[EventDate "2012.??.??"]
[WhiteTeam "SV Wattenscheid 2"]
[BlackTeam "SF Katernberg 2"]

1. e4 c5 2. Nf3 Nc6 3. Bb5 g6 4. Bxc6 dxc6 5. d3 Bg7 6. h3 Nf6 7. Nc3 O-O 8.
Be3 Nd7 9. Qd2 Qc7 10. Bh6 Ne5 11. Nh2 Bxh6 12. Qxh6 Qb6 13. O-O-O f6 14. Qe3
Nf7 15. f4 Nd6 16. Kb1 c4 17. Qxb6 axb6 18. d4 Bd7 19. Rhe1 Kf7 20. Nf3 Ra5 21.
Nd2 Be6 22. a3 Nb5 23. Nxb5 Rxb5 24. Re3 Rd8 25. Nf3 h5 26. Kc1 Ra5 27. Rde1
Kg7 28. Kd2 c5 29. Kc3 cxd4+ 30. Nxd4 Bf7 31. e5 f5 32. e6 Be8 33. Re5 Ra4 34.
g4 fxg4 35. hxg4 hxg4 36. Rg1 Bc6 37. Rxg4 Kf6 38. Rh4 Kg7 39. Rg4 Rh8 40. Nxc6
bxc6 41. Reg5 Rh3+ 42. Kd4 c3+ 43. b4 Kf6 44. Rxg6+ Kf5 45. R4g5+ Kxf4 46. Rg7
Rxa3 47. Re5 Ra4 48. Rf7+ Kg4 49. Rg7+ Kf4 50. Rf7+ Kg4 51. Re4+ Kg5 52. Ke5
Ra7 53. Rf8 Rh5 54. Rf5+ Kh6 55. Rxh5+ Kxh5 56. Rc4 Ra4 57. Rxc6 Rxb4 58. Rc7
Kg6 59. Rxe7 Rb2 60. Rb7 1/2-1/2

[Event "SF Katernberg 2 - SV Wattenscheid 2"]
[Site "Oberliga NRW 2012/2013"]
[Date "2012.11.18"]
[Round "3.2"]
[White "Rosen, Bernd"]
[Black "Tereick, Benjamin"]
[Result "0-1"]
[WhiteElo "2255"]
[BlackElo "2373"]
[PlyCount "120"]
[EventDate "2012.??.??"]
[WhiteTeam "SF Katernberg 2"]
[BlackTeam "SV Wattenscheid 2"]

1. Nf3 b6 2. g3 Bb7 3. Bg2 g6 4. O-O Bg7 5. d4 c5 6. d5 Nf6 7. Nc3 b5 8. d6 Bc6
9. e4 O-O 10. e5 Ne8 11. Bg5 f6 12. dxe7 Qxe7 13. exf6 Bxf6 14. Nd5 Qe6 15.
Nxf6+ Nxf6 16. Re1 Qd5 17. Qxd5+ Bxd5 18. Rad1 Bc6 19. Ne5 Bxg2 20. Kxg2 a6 21.
Rd6 Ne8 22. Rd3 d6 23. Ng4 Nc6 24. c3 h5 25. Ne3 Ne5 26. Red1 Nxd3 27. Rxd3 Ra7
28. Nd5 Kg7 29. f4 Rff7 30. Re3 Nc7 31. Ne7 Ra8 32. Nc6 Re8 33. Rxe8 Nxe8 34.
Kf3 Nf6 35. h3 Rc7 36. Nd8 Rd7 37. Nc6 Rc7 38. Nd8 Rd7 39. Nc6 Kf7 40. g4 hxg4+
41. hxg4 Ke6 42. Bxf6 Kxf6 43. Ke4 d5+ 44. Ke3 Rh7 45. b4 Rh3+ 46. Kd2 c4 47.
Nd4 g5 48. fxg5+ Kxg5 49. Ne6+ Kxg4 50. Nc7 Rh7 51. Nxa6 Ra7 52. Nc5 Kf3 53.
Ne6 Rxa2+ 54. Kc1 Ke3 55. Nd4 Kd3 56. Nxb5 d4 57. Kb1 dxc3 58. Nxc3 Ra3 59. Nd1
Kd2 60. Nf2 Re3 0-1

[Event "SF Katernberg 2 - SV Wattenscheid 2"]
[Site "Oberliga NRW 2012/2013"]
[Date "2012.11.18"]
[Round "3.3"]
[White "Souleidis, Georgios"]
[Black "Hoolt, Sarah"]
[Result "1-0"]
[WhiteElo "2369"]
[BlackElo "2244"]
[PlyCount "53"]
[EventDate "2012.??.??"]
[WhiteTeam "SV Wattenscheid 2"]
[BlackTeam "SF Katernberg 2"]

1. e4 c5 2. Nf3 e6 3. d4 cxd4 4. Nxd4 Nc6 5. Nc3 Qc7 6. Ndb5 Qb8 7. Be3 Nf6 8.
f4 a6 9. e5 axb5 10. exf6 b4 11. Nb5 b6 12. Be2 gxf6 13. O-O Ra5 14. a4 bxa3
15. bxa3 Ba6 16. a4 Rg8 17. f5 Be7 18. fxe6 fxe6 19. Bh5+ Rg6 20. Bxg6+ hxg6
21. Qg4 Ne5 22. Qh4 Nf7 23. Qh7 Kf8 24. Qxg6 Bxb5 25. axb5 Rxa1 26. Rxa1 Qe5
27. Bh6+ 1-0

[Event "SF Katernberg 2 - SV Wattenscheid 2"]
[Site "Oberliga NRW 2012/2013"]
[Date "2012.11.18"]
[Round "3.4"]
[White "Villwock, Martin"]
[Black "Straeter, Timo"]
[Result "0-1"]
[WhiteElo "2141"]
[BlackElo "2350"]
[PlyCount "60"]
[EventDate "2012.??.??"]
[WhiteTeam "SF Katernberg 2"]
[BlackTeam "SV Wattenscheid 2"]

1. e4 e5 2. Nf3 Nc6 3. Bc4 Bc5 4. b4 Bxb4 5. c3 Be7 6. d4 Na5 7. Be2 exd4 8.
Qxd4 d6 9. Qxg7 Bf6 10. Qg3 Qe7 11. O-O Bd7 12. Nd4 O-O-O 13. Nd2 h5 14. Qd3
Nh6 15. Rb1 Rdg8 16. f4 a6 17. Ba3 c5 18. e5 dxe5 19. Ne4 exd4 20. cxd4 Bf5 21.
Bf3 Rd8 22. Bxc5 Qxc5 23. Rfc1 Bxd4+ 24. Qxd4 Rxd4 25. Nxc5 Bxb1 26. Nxb7+ Nc4
27. Rxb1 Nd2 28. Rc1+ Kb8 29. Na5 Nxf3+ 30. gxf3 Rd2 0-1

[Event "SF Katernberg 2 - SV Wattenscheid 2"]
[Site "Oberliga NRW 2012/2013"]
[Date "2012.11.18"]
[Round "3.5"]
[White "Hirsch, Stefan"]
[Black "Rosen, Willy"]
[Result "1-0"]
[WhiteElo "2168"]
[BlackElo "2199"]
[PlyCount "79"]
[EventDate "2012.??.??"]
[WhiteTeam "SV Wattenscheid 2"]
[BlackTeam "SF Katernberg 2"]

1. e4 c5 2. Nf3 Nc6 3. Bb5 g6 4. O-O Bg7 5. Re1 Nf6 6. c3 O-O 7. d3 d6 8. Nbd2
Bd7 9. a4 b6 10. d4 a6 11. Bf1 Qc7 12. d5 Ne5 13. Nxe5 dxe5 14. Nc4 b5 15. axb5
axb5 16. Rxa8 Rxa8 17. Na3 Rb8 18. Bg5 h6 19. Bd2 Ne8 20. Qc1 Kh7 21. Be3 Nd6
22. f3 c4 23. Nc2 Nb7 24. Nb4 Ra8 25. Qd2 Nc5 26. Qf2 Nb3 27. Be2 f5 28. exf5
gxf5 29. Bd1 Ra1 30. Bc2 Qa5 31. Bb1 Bf6 32. g4 Qa8 33. Kh1 e6 34. dxe6 Bxe6
35. gxf5 Rxb1 36. Rxb1 Bxf5 37. Rd1 Bh4 38. Qg2 e4 39. Rd5 Bg6 40. Rd7+ 1-0

[Event "SF Katernberg 2 - SV Wattenscheid 2"]
[Site "Oberliga NRW 2012/2013"]
[Date "2012.11.18"]
[Round "3.6"]
[White "Gassmann, Volker"]
[Black "Schlange, Stefan"]
[Result "1-0"]
[WhiteElo "2141"]
[BlackElo "2116"]
[PlyCount "155"]
[EventDate "2012.??.??"]
[WhiteTeam "SF Katernberg 2"]
[BlackTeam "SV Wattenscheid 2"]

1. d4 d5 2. c4 c6 3. Nf3 e6 4. Qc2 Nf6 5. g3 dxc4 6. Qxc4 b5 7. Qc2 Bb7 8. Bg2
Nbd7 9. O-O c5 10. Rd1 Rc8 11. Bg5 Qb6 12. Bxf6 Nxf6 13. Nc3 cxd4 14. Nxd4 Bxg2
15. Kxg2 Bc5 16. Qd3 a6 17. f3 O-O 18. Ne4 Rfd8 19. Nxc5 Rxc5 20. Qe3 Rcd5 21.
Nc2 Qc7 22. Rdc1 Qd6 23. Ne1 Nd7 24. Rc2 Rc5 25. Rac1 Rxc2 26. Rxc2 Nb6 27. b3
h6 28. Nd3 Nd5 29. Qd4 f6 30. Kf2 e5 31. Qc5 Qxc5+ 32. Rxc5 Rd6 33. e4 Ne7 34.
Ke3 Nc6 35. Rd5 Rxd5 36. exd5 Ne7 37. Ke4 Nc8 38. Nb4 Nd6+ 39. Kd3 a5 40. Nc6
Nb7 41. d6 Nxd6 42. Nxa5 Kf7 43. Nc6 Ke6 44. g4 Kd5 45. Ne7+ Ke6 46. Ng6 Kd5
47. a3 e4+ 48. fxe4+ Nxe4 49. Ne7+ Ke5 50. Ke3 Nc5 51. Nc6+ Kd5 52. Nd4 g6 53.
b4 Nd7 54. Nxb5 Ne5 55. h3 Kc4 56. Nd6+ Kb3 57. b5 Kxa3 58. Kd4 Kb4 59. b6 Ka5
60. b7 Ka6 61. Kd5 Ka7 62. Ke6 Nd3 63. Kxf6 g5 64. Ke6 Kb8 65. Kd5 Kc7 66. Kc4
Nf4 67. Kb5 Ne6 68. Ka6 Nd8 69. Nb5+ Kb8 70. Kb6 Nxb7 71. Kc6 Kc8 72. Nd6+ Nxd6
73. Kxd6 Kb7 74. Ke6 Kc6 75. Kf6 Kd6 76. Kg6 Ke6 77. Kxh6 Kf6 78. Kh5 1-0

[Event "SF Katernberg 2 - SV Wattenscheid 2"]
[Site "Oberliga NRW 2012/2013"]
[Date "2012.11.18"]
[Round "3.7"]
[White "Bartel, Mario"]
[Black "Wessendorf, Thomas"]
[Result "0-1"]
[WhiteElo "2032"]
[BlackElo "2206"]
[Annotator "Doe,John"]
[PlyCount "72"]
[EventDate "2012.??.??"]
[WhiteTeam "SV Wattenscheid 2"]
[BlackTeam "SF Katernberg 2"]

1. e4 c5 2. Nf3 d6 3. d4 cxd4 4. Nxd4 Nf6 5. Nc3 g6 6. Be3 Bg7 7. Qd2 Ng4 8.
Bg5 h6 9. Bh4 Nc6 10. Nb3 g5 11. Bg3 a5 12. Bb5 O-O 13. h4 Qb6 14. a4 Be6 15.
hxg5 Nd4 16. gxh6 Bf6 17. Nxd4 Qxd4 18. Bd3 Kh8 19. f3 Ne5 20. h7 Rac8 21. Bf2
Qb4 22. Nd1 Nxd3+ 23. cxd3 Rc2 24. Qxb4 axb4 25. d4 Bc4 26. Ne3 Re2+ 27. Kd1
Bd3 28. Ng4 Bg5 29. Rh5 Bd2 30. Bh4 f6 31. Ra2 Rc8 32. Ra1 Rxg2 33. Nf2 Rc2 34.
Nxd3 b3 35. Rb1 Be3 36. Be1 Rg1 {ZÜ} 0-1

[Event "Düsseldorfer SK 1 - PSV Duisburg 1"]
[Site "Oberliga NRW 2012/2013"]
[Date "2012.11.18"]
[Round "3.1"]
[White "Fleck, Juergen"]
[Black "Stark, Lars"]
[Result "1/2-1/2"]
[WhiteElo "2339"]
[BlackElo "2415"]
[PlyCount "81"]
[EventDate "2012.??.??"]
[WhiteTeam "PSV Duisburg 1"]
[BlackTeam "Düsseldorfer SK 1"]

1. e4 e6 2. d4 d5 3. Nc3 Nf6 4. e5 Nfd7 5. f4 c5 6. Nf3 Nc6 7. Be3 Be7 8. Qd2
O-O 9. Be2 a6 10. O-O b5 11. a3 Qc7 12. Nd1 Bb7 13. Nf2 Rac8 14. dxc5 Bxc5 15.
Bxc5 Nxc5 16. Qe3 d4 17. Nxd4 Na4 18. Nxc6 Qxc6 19. Bf3 Qc7 20. b3 Nc3 21. Bxb7
Qxb7 22. Nd3 Nd5 23. Qf2 Rc3 24. Rfe1 Rfc8 25. Re2 g6 26. Nb4 Ne7 27. Rd1 a5
28. Na2 R3c7 29. Rd4 Nd5 30. Red2 Qa7 31. c3 Qa8 32. Qh4 Qa7 33. Kh1 Rxc3 34.
Nxc3 Rxc3 35. Rxd5 exd5 36. Qd8+ Kg7 37. Qf6+ Kg8 38. Qd8+ Kg7 39. Qf6+ Kg8 40.
Qd8+ Kg7 41. Qf6+ 1/2-1/2

[Event "Düsseldorfer SK 1 - PSV Duisburg 1"]
[Site "Oberliga NRW 2012/2013"]
[Date "2012.11.18"]
[Round "3.2"]
[White "Schuh, Dirk"]
[Black "Wengenroth, Walter"]
[Result "1/2-1/2"]
[WhiteElo "2368"]
[BlackElo "2235"]
[PlyCount "70"]
[EventDate "2012.??.??"]
[WhiteTeam "Düsseldorfer SK 1"]
[BlackTeam "PSV Duisburg 1"]

1. e4 c5 2. Nc3 e6 3. f4 d5 4. Nf3 dxe4 5. Nxe4 Be7 6. g3 Nf6 7. Nf2 b6 8. Bg2
Bb7 9. O-O O-O 10. d3 Qc7 11. Qe2 Nc6 12. c3 Rad8 13. Bd2 b5 14. Rfe1 Qb6 15.
Ne5 Nxe5 16. fxe5 Nd7 17. h4 Bxg2 18. Kxg2 Qb7+ 19. Kh2 Nb8 20. h5 h6 21. Bf4
Qd5 22. Red1 Nc6 23. Ng4 f5 24. Ne3 Qd7 25. Rd2 Qb7 26. Nc2 a6 27. Rad1 Rd5 28.
d4 cxd4 29. Nxd4 Nxd4 30. Rxd4 Rxd4 31. Rxd4 Rd8 32. Rxd8+ Bxd8 33. Qd3 Be7 34.
b3 Qd5 35. Qf1 Kf7 1/2-1/2

[Event "Düsseldorfer SK 1 - PSV Duisburg 1"]
[Site "Oberliga NRW 2012/2013"]
[Date "2012.11.18"]
[Round "3.3"]
[White "Kistella, Roman"]
[Black "de Gleria, Francesco"]
[Result "1/2-1/2"]
[WhiteElo "2253"]
[BlackElo "2335"]
[PlyCount "193"]
[EventDate "2012.??.??"]
[WhiteTeam "PSV Duisburg 1"]
[BlackTeam "Düsseldorfer SK 1"]

1. d4 Nf6 2. c4 g6 3. Nc3 Bg7 4. e4 d6 5. Nf3 Bg4 6. Be2 O-O 7. Be3 Nbd7 8. Nd2
e5 9. f3 exd4 10. Bxd4 Be6 11. Nb3 Nh5 12. Bxg7 Qh4+ 13. Kd2 Nxg7 14. g3 Qe7
15. Kc2 c6 16. Qd4 Ne5 17. Rad1 Rfd8 18. Nd2 f5 19. f4 c5 20. Qe3 Nc6 21. Kc1
Re8 22. Bd3 Nb4 23. Bb1 fxe4 24. Bxe4 Bg4 25. Rde1 Nf5 26. Qg1 Nd4 27. Nd5 Qg7
28. Nxb4 cxb4 29. Qf2 Kh8 30. h3 Be6 31. Kb1 a5 32. Bd3 a4 33. Re4 Nc6 34. Rhe1
a3 35. Nf3 b3 36. axb3 Nb4 37. Rxe6 Rxe6 38. Rxe6 Nxd3 39. Qe2 Qxb2+ 40. Qxb2+
axb2 41. Nd2 Ra1+ 42. Kc2 Rc1+ 43. Kxd3 Rd1 44. Kc2 Rxd2+ 45. Kb1 b6 46. Re8+
Kg7 47. Re7+ Kf6 48. Rxh7 Kf5 49. Rf7+ Ke4 50. Rf6 b5 51. Rxg6 b4 52. Re6+ Kf5
53. Re3 Rg2 54. h4 Rd2 55. h5 Rg2 56. h6 Rh2 57. Rd3 Rxh6 58. Kxb2 Ke4 59. Kc2
Rg6 60. Kd2 Rh6 61. Re3+ Kd4 62. f5 Rh2+ 63. Re2 Rh3 64. f6 Rxg3 65. Rf2 Rg8
66. f7 Rf8 67. Rf4+ Ke5 68. Ke3 d5 69. c5 d4+ 70. Rxd4 Rxf7 71. Rxb4 Kd5 72.
Rc4 Kc6 73. Kd4 Rf3 74. Rb4 Rf4+ 75. Kc3 Rf3+ 76. Kb2 Kxc5 77. Rb8 Rf6 78. Rc8+
Kb5 79. Rc2 Rh6 80. Rd2 Kb4 81. Rd4+ Kb5 82. Kc3 Rh3+ 83. Rd3 Rxd3+ 84. Kxd3
Kb4 85. Kc2 Kb5 86. Kc3 Kc5 87. b4+ Kb5 88. Kb3 Kb6 89. Kc4 Kc6 90. b5+ Kb6 91.
Kb4 Kb7 92. Kc5 Kc7 93. b6+ Kb7 94. Kb5 Kb8 95. Kc6 Kc8 96. b7+ Kb8 97. Kb6
1/2-1/2

[Event "Düsseldorfer SK 1 - PSV Duisburg 1"]
[Site "Oberliga NRW 2012/2013"]
[Date "2012.11.18"]
[Round "3.4"]
[White "Gazic, Josip"]
[Black "Schmitz, Joachim"]
[Result "1/2-1/2"]
[WhiteElo "2248"]
[BlackElo "2234"]
[PlyCount "39"]
[EventDate "2012.??.??"]
[WhiteTeam "Düsseldorfer SK 1"]
[BlackTeam "PSV Duisburg 1"]

1. e4 c5 2. Nf3 d6 3. Bc4 Nf6 4. c3 Nc6 5. Qc2 e6 6. O-O Be7 7. d4 cxd4 8. cxd4
d5 9. exd5 Nxd5 10. Nc3 O-O 11. Bxd5 exd5 12. Qb3 Bg4 13. Qxb7 Rc8 14. Ne5 Nxe5
15. dxe5 d4 16. Nd5 Bc5 17. b4 Rb8 18. Qc6 Rc8 19. Qb7 Rb8 20. Qc6 1/2-1/2